Bilecik Bilecik Bilecik Bilecik Bilecik

İslami antropolojinin oluşturulması: kendimizi ve başkalarını tanımak/ (Record no. 71060)

MARC details
000 -BAŞLIK
Sabit Uzunluktaki Kontrol Alanı 01115nam a22003497a 4500
001 - KONTROL NUMARASI
Control Dosyası 0070312
003 - KONTROL NUMARASI KİMLİĞİ
Kontrol Alanı KOHA_MİRAKIL
005 - EN SON İŞLEM TARİHİ ve ZAMANI
Kontrol Alanı 20260207004920.0
007 - FİZİKSEL TANIM SABİT ALAN - GENEL BİLGİ
Sabit uzunluklu kontrol alanı ta
008 - SABİT UZUNLUKTAKİ VERİ ÖGELERİ - GENEL BİLGİ
Sabit Alan 240111b1991 tu |||gr||||#0|||0|tur |
040 ## - KATALOGLAMA KAYNAĞI
Özgün Kataloglama Kurumu TR-BiSEU
Kataloglama Dili tur
Çeviri Kurumu TR-BiSEU
Açıklama Kuralları rda
041 0# - DİL KODU
Metin ya da ses kaydının dil kodu tur
044 ## - YAYINLAYAN/ÜRETEN KURULUŞUN ÜLKE KODU
ISO country code tu
050 ## - SINIFLAMA ve YER NUMARASI
Sınıflama Numarası GN27
Yer Numarası .D38 1991
100 1# - KİŞİ ADI
Yazar Adı (Kişi adı) Davies, Merrly Wyn.
245 1# - ESER ADI BİLDİRİMİ
Başlık İslami antropolojinin oluşturulması: kendimizi ve başkalarını tanımak/
Sorumluluk Bildirimi Merrly Wyn Davies ; Merrly Wyn Davies; çeviri Tayfun Doğukargın.
264 #1 - ÜRERİM, YAYIN, DAĞITIM ve TELİF BİLDİRİMİ
Yayın yeri İstanbul :
Yayınlayan Endülüs Yayınları
Yayın tarihi 1991
300 ## - FİZİKSEL TANIMLAMA
Sayfa, Cilt vb. 237 sayfa; 20 cm.
336 ## - İÇERİK TÜRÜ
Content type term metin
Content type code txt
Source rdacontent
337 ## - MEDYA TÜRÜ
Media type term aracısız
Media type code n
Source rdamedia
338 ## - TAŞIYICI TÜRÜ
Carrier type term cilt
Carrier type code nc
Source rdacarrier
490 1# - DİZİ BİLDİRİMİ
Dizi Bildirimi Endülüs yayınları ;
Cilt Numarası 15.
490 1# - DİZİ BİLDİRİMİ
Dizi Bildirimi Alternatif dizi ;
Cilt Numarası 2
650 #0 - KONU BAŞLIĞI EK GİRİŞ - KONU TERİMİ
Konusal terim veya coğrafi ad İslam felsefesi.
9 (RLIN) 15838
650 #0 - KONU BAŞLIĞI EK GİRİŞ - KONU TERİMİ
Konusal terim veya coğrafi ad İslam Hukuku.
9 (RLIN) 13482
650 #0 - KONU BAŞLIĞI EK GİRİŞ - KONU TERİMİ
Konusal terim veya coğrafi ad Islamic philosophy.
9 (RLIN) 23248
650 #0 - KONU BAŞLIĞI EK GİRİŞ - KONU TERİMİ
Konusal terim veya coğrafi ad Islam law.
9 (RLIN) 111612
830 1# - SERİ EK GİRİŞİ - TEKBİÇİM ESER ADI
Tekbiçim Başlık Endülüs yayınları ;
Volume number/sequential designation 15.
9 (RLIN) 76374
830 1# - SERİ EK GİRİŞİ - TEKBİÇİM ESER ADI
Tekbiçim Başlık Alternatif dizi ;
Volume number/sequential designation 2
9 (RLIN) 3281
907 ## - LOCAL DATA ELEMENT G, LDG (RLIN)
a Antropoloji
942 ## - EK GİRİŞ ÖGELERİ (KOHA)
Source of classification or shelving scheme Library of Congress Classification
Koha item type Book
Holdings
Materyal Türü Kalıcı Konum Mevcut Konum Raf Yeri Sınıflandırma Kaynağı Edinim Bilgisi Ana Konular Alt Konular Yer Numarası Demirbaş Numarası Fatura Tarihi Geri Çekilme Durumu Kayıp Durumu Hasarlı Durumu Kredi için değil Kayıt Tarih Toplam Ödünçverme Son Görülme Tarihi Son Kontrol Tarihi Genel / Bağış Notu
Book Prof. Dr. Azmi Özcan Kütüphanesi Prof. Dr. Azmi Özcan Kütüphanesi Uluğbey Salonu Library of Congress Classification Bağış COĞRAFYA, ANTROPOLOJİ, REKREASYON Antropoloji GN27 .D38 1991 0070312 02/02/2026         11/01/2024   17/03/2025 17/03/2025 Genel Bağış